Sendvič

Saved in:
Bibliographic Details
Main Author Newmanová, Catherine
Format Electronic eBook
LanguageCzech
Published Cosmopolis 2026
Edition1. elektronické vydání
Subjects
Online AccessDostupné v BOOKPORT po přihlášení pomocí eduID
ISBN978-80-271-6506-3
978-80-271-6507-0
978-80-271-6072-3
Physical Description1 online zdroj (232 stran)

Cover

LEADER 00000nam a2200000 i 4500
001 bkp15210
003 CZ-prgp
005 20260526115732.0
006 m o d
007 cr cn
008 260526s2026 xr o 000 1 cze
020 |a 978-80-271-6506-3  |c 297 Kč  |q (online ; pdf) 
020 |a 978-80-271-6507-0  |c 297 Kč  |q (online ; epub) 
020 |a 978-80-271-6072-3  |c 349 Kč  |q (print) 
040 |a Grada  |b cze  |e rda 
100 1 |a Newmanová, Catherine 
245 1 0 |a Sendvič  |c Catherine Newmanová 
250 |a 1. elektronické vydání 
264 1 |b Cosmopolis  |c 2026 
300 |a 1 online zdroj (232 stran) 
336 |a text  |b txt  |2 rdacontent 
337 |a počítač  |b c  |2 rdamedia 
338 |a online zdroj  |b cr  |2 rdacarrier 
520 3 |a Catherine Newmanová s humorem a hlubokým pochopením vypráví o proměnách ženského těla a duše, ale i o lásce, která nás někdy svazuje. 
650 0 4 |a Humor, satira 
650 0 4 |a Společenské romány 
650 0 4 |a Světová současná beletrie 
856 4 0 |u https://www.bookport.cz/AccountSaml/SignIn/?idp=https://shibboleth.utb.cz/idp/shibboleth&returnUrl=/kniha/sendvic-16129/  |y Dostupné v BOOKPORT po přihlášení pomocí eduID